Freedom and choice in a democracy (Record no. 96761)
[ view plain ]
| 000 -LEADER | |
|---|---|
| fixed length control field | 00790nam a2200253Ia 4500 |
| 003 - CONTROL NUMBER IDENTIFIER | |
| control field | 0100 |
| 008 - FIXED-LENGTH DATA ELEMENTS--GENERAL INFORMATION | |
| fixed length control field | 130307s9999 xx 000 0 und d |
| 020 ## - INTERNATIONAL STANDARD BOOK NUMBER | |
| International Standard Book Number | 1565181867 |
| 040 ## - CATALOGING SOURCE | |
| Transcribing agency | ARRUPELIB |
| 050 ## - LIBRARY OF CONGRESS CALL NUMBER | |
| Classification number | JC585.F734 2003 |
| 300 ## - PHYSICAL DESCRIPTION | |
| Other physical details | 23 cm. |
| 245 ## - TITLE STATEMENT | |
| Title | Freedom and choice in a democracy |
| 245 ## - TITLE STATEMENT | |
| Remainder of title | meanings of freedom |
| 260 ## - PUBLICATION, DISTRIBUTION, ETC. (IMPRINT) | |
| Place of publication, distribution, etc | Nigeria |
| 260 ## - PUBLICATION, DISTRIBUTION, ETC. (IMPRINT) | |
| Name of publisher, distributor, etc | The Council for Research in Values and Philosophy |
| 260 ## - PUBLICATION, DISTRIBUTION, ETC. (IMPRINT) | |
| Date of publication, distribution, etc | 2003 |
| 300 ## - PHYSICAL DESCRIPTION | |
| Extent | 205p. |
| 440 ## - SERIES STATEMENT/ADDED ENTRY--TITLE | |
| Title | Cultural heritage and contemporary change. Series VII, Seminars on cultures and values; v.11-12 |
| 650 ## - SUBJECT ADDED ENTRY--TOPICAL TERM | |
| Topical term or geographic name as entry element | POLITICAL SCIENCE |
| 650 ## - SUBJECT ADDED ENTRY--TOPICAL TERM | |
| Topical term following geographic name as entry element | Thomas, Aquinas, Saint, 1225?-1274 - Contributions in natural law doctine |
| 650 ## - SUBJECT ADDED ENTRY--TOPICAL TERM | |
| Location of event | Natural law |
| 700 ## - ADDED ENTRY--PERSONAL NAME | |
| Personal name | Magliola, Robert ; Farrelly, John (ed.) |
| 942 00 - ADDED ENTRY ELEMENTS (KOHA) | |
| Koha issues (borrowed), all copies | 1 |
| Withdrawn status | Lost status | Source of classification or shelving scheme | Damaged status | Not for loan | Collection code | Home library | Current library | Shelving location | Date acquired | Total Checkouts | Full call number | Barcode | Date last seen | Date checked out | Copy number | Price effective from | Koha item type |
|---|---|---|---|---|---|---|---|---|---|---|---|---|---|---|---|---|---|
| Library of Congress Classification | Main Collection | ARRUPE LIBRARY | ARRUPE LIBRARY | 07/03/2013 | 2 | JC585.F734 2003 | 46003075635 | 06/12/2021 | 01/11/2021 | 1 | 07/03/2013 | Monograph ( Printed materials) |